| 000 | 00476nam a2200169 i 4500 | ||
|---|---|---|---|
| 001 | 75335 | ||
| 003 | ES-MaACL | ||
| 005 | 20230906172419.0 | ||
| 007 | t| | ||
| 008 | 040923m19681973sp e 00110 cat d | ||
| 245 | 0 | 0 | _aGran enciclopèdia catalana. |
| 260 |
_a[Barcelona : _bs.n., _c1968-1970] ( _fFerré Olsina) |
||
| 300 |
_a2 v. : _bil. col. y n. ; _c28 cm. |
||
| 650 | 4 |
_aEnciclopedias. _912235 |
|
| 651 | 4 |
_aCataluña- _vEnciclopedias. _9174626 |
|
| 852 | 4 |
_aES-MaACL _jP-1475 |
|
| 999 |
_c75335 _d75335 |
||